00288pam a2200109 a 4500020000500000041000800005082001800013100001900031245007200050260004600122300001000168 c aeng a336.0954bBHA aBhargava, R.N. aThe Teory and Working of Union Finance in India hTextual Documents aAllahabad:bChaitabya Pubn House ,c1977. a544p.